Рассказы о старой Сибири

מידע ביבליוגרפי
מחבר ראשי: Наумов Н. И. Николай Иванович
שפה:רוסית
יצא לאור: Томск, Томское книжное изд-во, 1960
נושאים:
פורמט: MixedMaterials ספר
KOHA link:https://koha.lib.tpu.ru/cgi-bin/koha/opac-detail.pl?biblionumber=116424

MARC

LEADER 00000nam0a2200000 4500
001 116424
005 20231031123213.0
035 |a (RuTPU)RU\TPU\book\125998 
090 |a 116424 
100 |a 20070522d1960 m y0rusy50 ca 
101 0 |a rus 
102 |a RU 
105 |a y z 000ay 
200 1 |a Рассказы о старой Сибири  |f Н. И. Наумов 
210 |a Томск  |c Томское книжное изд-во  |d 1960 
215 |a 190 с. 
610 1 |a русская литература 
610 1 |a рассказы 
610 1 |a Сибирь 
610 1 |a история 
675 |a Р1  |v 3 
700 1 |a Наумов  |b Н. И.  |g Николай Иванович 
801 1 |a RU  |b 63413507  |c 20070522  |g PSBO 
801 2 |a RU  |b 63413507  |c 20110530  |g PSBO 
942 |c BK